000
00234 a2200109 4500
020
_a
9780022773045
041
_a
spa
100
_a
Gibson, Akim
245
_a
Lewis Howard Latimer : Una mente creadora
942
_c
BK
999
_c
29673
_d
29671
999
_d
29671